| 000 | 00360nam a2200109Ia 4500 | ||
|---|---|---|---|
| 008 | 240129s9999 xx 000 0 und d | ||
| 100 | _aGUPTA, SUBHASH CHAND | ||
| 245 | 2 | _aA STUDY ON THE ASSESSMENT AND MITIGATION OF RISK IN HYBRID CLOUD ENVIRONMENTS | |
| 260 |
_bMEWAR UNIVERSITY, CHITTORGARH _c2021 |
||
| 650 | _aComputer Science & Engineering | ||
| 942 | _cTHE | ||
| 999 |
_c218918 _d218918 |
||